Statistics for Espanyol Best Scorer By Year

Click here to take the quiz!

General Stats

  • This quiz has been taken 61 times
    (19 since last reset)
  • The average score is 9 of 47

Answer Stats

Player% Correct
Joselu
72%
Luis García
72%
Raúl Tamudo
72%
Sergio García
72%
Borja Iglesias
67%
Raúl de Tomás
67%
Gerard Moreno
50%
David López
33%
Felipe Caicedo
33%
Dani Osvaldo
28%
Ernesto Valverde
28%
Rafael Marañón
28%
Wu Lei
28%
Joan Verdú
22%
Jordi Lardín
22%
Kalu Uche
22%
Maxi Rodríguez
22%
Alfredo Di Stéfano
17%
Juan Esnáider
17%
Daniel Solsona
11%
Egea Gómez
11%
Pichi Alonso
11%
Roberto Martínez
11%
Savo Milošević
11%
Arcas
6%
Camps
6%
Carlos Caszely
6%
Carlos Torres
6%
Cayetano Ré
6%
Domínguez
6%
Índio
6%
José María
6%
Juan Benavídez
6%
Juan María Amiano
6%
Ladislav Kubala
6%
Marcet
6%
Michel Pineda
6%
Michel Pineda Ozaeta
6%
Orlando Jiménez
6%
Tintín Márquez
6%
Wolfram Wuttke
6%
Xavier Escaich
6%
Carmelo Amas
0%
Cruellas
0%
De Diego
0%
Óscar Coll
0%
Rodilla
0%

Score Distribution

Percentile by Number Answered

Percent of People with Each Score

Your Score History

You have not taken this quiz since the last reset